[Event "KP 2024/25,L. Belohrad-SSPM Lipky C"]
[Site "?"]
[Date "2025.03.02"]
[Round "9.4"]
[White "Vlcek, Vojtech"]
[Black "Vavra, Vojtech"]
[Result "1-0"]
[WhiteElo "1834"]
[BlackElo "1895"]
[Annotator "user"]
[PlyCount "79"]
[EventDate "2025.??.??"]
[TimeControl "40/5400+30:900+30"]

{587MB} 1. d4 Nf6 2. c3 g6 3. Bg5 Bg7 4. Nd2 d6 5. e3 O-O 6. Ngf3 Nbd7 7. Be2
c5 8. O-O b6 9. e4 h6 10. Be3 Ng4 11. Bf4 Bb7 12. h3 Ngf6 13. d5 Qc7 14. Qc2 a6
15. a4 e5 16. dxe6 fxe6 17. Qb3 Rfe8 18. Bc4 Nf8 19. e5 Nd5 20. exd6 Qf7 21.
Bg3 Nd7 22. Rfe1 Kh7 23. Ne4 Bf6 24. Nxf6+ Qxf6 25. Re2 Nf4 26. Bxf4 Bxf3 27.
gxf3 Qxf4 28. Rae1 Qxd6 29. Rxe6 Rxe6 30. Rxe6 Qd2 31. Be2 Qg5+ 32. Kh1 b5 33.
Qd1 Nf8 34. Re4 Rd8 35. Qb3 c4 36. Qb4 Kg8 37. h4 Qf5 38. Kg2 Ne6 39. Qe7 Rd2
40. Rxe6 1-0

[Event "KP 2024/25,L. Belohrad-SSPM Lipky C"]
[Site "?"]
[Date "2025.03.02"]
[Round "9.5"]
[White "Kykal, Zbynek"]
[Black "Minovsky, Roman"]
[Result "0-1"]
[WhiteElo "1807"]
[BlackElo "1938"]
[Annotator "user"]
[PlyCount "124"]
[EventDate "2025.??.??"]
[TimeControl "40/5400+30:900+30"]

{587MB} 1. d4 d5 2. Bf4 Nf6 3. Nf3 e6 4. e3 a6 5. c4 Bb4+ 6. Nbd2 O-O 7. a3 Bd6
8. Bg3 Re8 9. Bd3 c5 10. dxc5 Bxc5 11. O-O Nc6 12. Qc2 d4 13. Nb3 Ba7 14. Rfd1
e5 15. Be2 Qe7 16. exd4 exd4 17. Re1 Be6 18. Rad1 Rac8 19. Bd3 a5 20. Bf5 Bxf5
21. Qxf5 Qd7 22. Qb5 Rxe1+ 23. Rxe1 Rd8 24. Nxa5 Nxa5 25. Qxa5 b6 26. Qb4 Re8
27. Rxe8+ Nxe8 28. Qd2 b5 29. cxb5 Qxb5 30. Be5 d3 31. Bc3 Nd6 32. Ne5 Ne4 33.
Qxd3 Bxf2+ 34. Kh1 Qxd3 35. Nxd3 Be3 36. a4 Kf8 37. g3 f6 38. Kg2 Ke7 39. Kf3
Nxc3 40. bxc3 Bb6 41. Ke4 Kd6 42. c4 g6 43. c5+ Bxc5 44. Nxc5 Kxc5 45. a5 Kb5
46. Kd5 Kxa5 47. Ke6 f5 48. Kf6 Kb5 49. Kg5 Kc5 50. Kh6 Kd5 51. Kxh7 g5 52. h4
gxh4 53. gxh4 f4 54. h5 f3 55. h6 f2 56. Kg7 f1=Q 57. h7 Qg2+ 58. Kh8 Qf3 59.
Kg7 Qg4+ 60. Kh8 Qe6 61. Kg7 Qe7+ 62. Kg8 Ke6 0-1

[Event "KP 2024/25,L. Belohrad-SSPM Lipky C"]
[Site "?"]
[Date "2025.03.02"]
[Round "9.6"]
[White "Nosek, Jan"]
[Black "Jezek, Milan"]
[Result "1-0"]
[WhiteElo "1921"]
[BlackElo "1795"]
[Annotator "user"]
[PlyCount "89"]
[EventDate "2025.??.??"]
[TimeControl "40/5400+30:900+30"]

{587MB} 1. e4 d6 2. d4 Nf6 3. Nc3 c6 4. f4 Qa5 5. Bd3 e5 6. Nf3 Bg4 7. Be3 Nbd7
8. Qd2 Be7 9. O-O Bxf3 10. gxf3 exd4 11. Bxd4 O-O 12. Rf2 Kh8 13. Rg2 c5 14.
Be3 a6 15. Bf1 b5 16. Nd5 Qxd2 17. Rxd2 Nxd5 18. Rxd5 Nb6 19. Rd2 Nc4 20. Bxc4
bxc4 21. b3 cxb3 22. axb3 Rfb8 23. Ra4 Rb4 24. Rxb4 cxb4 25. Rd4 a5 26. Rc4 h6
27. Kf2 Kh7 28. f5 g6 29. Rc7 Bh4+ 30. Ke2 Kg7 31. fxg6 Kxg6 32. Rc6 Be7 33.
Bc5 Kh5 34. Bxd6 Bh4 35. Rc5+ Kg6 36. Bc7 a4 37. bxa4 Rxa4 38. Rc4 Ra2 39. Ke3
Ra3+ 40. Kf4 Bg5+ 41. Kg4 Ra2 42. h4 Be7 43. Rc6+ Kh7 44. Be5 Ra5 45. Kf5 {
dale necitelne} 1-0

[Event "KP 2024/25,L. Belohrad-SSPM Lipky C"]
[Site "?"]
[Date "2025.03.02"]
[Round "9.7"]
[White "Pochop, Karel"]
[Black "Marek, Petr"]
[Result "0-1"]
[WhiteElo "1823"]
[BlackElo "1903"]
[Annotator "user"]
[PlyCount "122"]
[EventDate "2025.??.??"]
[TimeControl "40/5400+30:900+30"]

{587MB} 1. Nf3 Nf6 2. b3 g6 3. c4 Bg7 4. Bb2 O-O 5. Nc3 d5 6. e3 c5 7. Nxd5
Nxd5 8. Bxg7 Nxe3 9. dxe3 Kxg7 10. Bd3 Nc6 11. O-O Bg4 12. Be2 Qc7 13. Qc2 e5
14. a3 Rfd8 15. Rad1 Qa5 16. Qb2 f6 17. h3 Be6 18. Bd3 Rd7 19. Be4 Rad8 20.
Rxd7+ Rxd7 21. Bxc6 bxc6 22. Qc1 e4 23. Ne1 Qd2 24. Qb1 f5 25. Qa1+ Kh6 26. Qf6
Qd6 27. f3 Qe7 28. Qe5 Bg8 29. Qc3 Qg5 30. fxe4 fxe4 31. g4 Be6 32. Ng2 Rd3 33.
Qh8 Rd8 34. Qf6 Qxf6 35. Rxf6 Bg8 36. Rxc6 Rb8 37. Rxc5 Rxb3 38. Rc8 Be6 39.
Rc6 Bg8 40. Rc8 Be6 41. Rc6 Bg8 42. a4 Rb4 43. Ra6 Bxc4 44. Rxa7 Kg5 45. Kf2 h5
46. Ra5+ Kh6 47. gxh5 gxh5 48. Nf4 Bf7 49. Ra7 Bc4 50. Ra8 Bf7 51. Ra6+ Kg5 52.
Ra7 Kf6 53. Kg3 Rb3 54. Ng2 Rb2 55. Ra6+ Kf5 56. Ra7 Kf6 57. Nh4 Be6 58. Ra5
Bf7 59. Kf4 Rh2 60. Ra6+ Be6 61. Kg3 Rxh3+ 0-1

[Event "KP 2024/25,TJ Nachod B-SK Lipa B"]
[Site "?"]
[Date "2025.03.02"]
[Round "9.1"]
[White "Dostal, Pavel"]
[Black "Safarik, Jakub"]
[Result "0-1"]
[WhiteElo "2006"]
[BlackElo "2175"]
[PlyCount "48"]
[EventDate "2023.04.02"]

1. e4 c5 2. a3 g6 3. Bc4 Bg7 4. Nc3 Nc6 5. d3 e6 6. h4 Nf6 7. Bg5 h6 8. Bf4 d5
9. Ba2 dxe4 10. dxe4 Qxd1+ 11. Rxd1 Nd4 12. Rd2 Nd7 13. Nd1 b5 14. c3 Nc6 15.
Ne2 Bb7 16. f3 O-O-O 17. Ne3 Nde5 18. Nc1 a5 19. Ke2 Rxd2+ 20. Kxd2 Rd8+ 21.
Kc2 a4 22. Rd1 Rxd1 23. Nxd1 b4 24. b3 axb3+ 0-1

[Event "KP 2024/25,TJ Nachod B-SK Lipa B"]
[Site "?"]
[Date "2025.03.02"]
[Round "9.2"]
[White "Sedivy, Martin"]
[Black "Semerak, Pavel"]
[Result "1/2-1/2"]
[WhiteElo "2136"]
[BlackElo "1962"]
[PlyCount "36"]
[EventDate "2023.04.02"]

1. d4 Nf6 2. Nf3 g6 3. g3 Bg7 4. Bg2 O-O 5. O-O d6 6. c4 Nc6 7. Nc3 e5 8. dxe5
dxe5 9. Bg5 Be6 10. Nd5 Bxd5 11. Bxf6 Qxf6 12. cxd5 Rfd8 13. e4 Ne7 14. Qb3 Qb6
15. Qa3 Qd6 16. Qb3 Qb6 17. Qa3 Qd6 18. Qb3 Qb6 1/2-1/2

[Event "KP 2024/25,TJ Nachod B-SK Lipa B"]
[Site "?"]
[Date "2025.03.02"]
[Round "9.3"]
[White "Sobotnik, Petr"]
[Black "Sucharda, Tomas"]
[Result "0-1"]
[WhiteElo "1937"]
[BlackElo "2010"]
[PlyCount "78"]
[EventDate "2023.04.02"]

1. c4 Nf6 2. Nc3 e6 3. d4 b6 4. e4 Bb4 5. Qc2 Bb7 6. f3 d5 7. cxd5 exd5 8. e5
Nfd7 9. a3 Be7 10. f4 c5 11. Nf3 Nc6 12. Be3 Na5 13. Bd3 Nf8 14. O-O c4 15. Be2
Qd7 16. Nd2 f5 17. b3 b5 18. Bf3 g6 19. b4 Nc6 20. Bxd5 Nxb4 21. axb4 Bxd5 22.
Nxd5 Qxd5 23. Qc3 Ne6 24. Ra5 Nc7 25. Rfa1 a6 26. Nf1 Qc6 27. Bd2 O-O 28. Ne3
Rfd8 29. Re1 Qd7 30. Nc2 Nd5 31. Qf3 c3 32. Bxc3 Rac8 33. Ra3 Qc7 34. Re3 a5
35. Rxa5 Nxe3 36. Nxe3 Qxc3 37. Ra7 Bxb4 38. h3 Qxd4 39. Kh2 Qxa7 0-1

[Event "KP 2024/25,TJ Nachod B-SK Lipa B"]
[Site "?"]
[Date "2025.03.02"]
[Round "9.4"]
[White "Kosar, Matej"]
[Black "Pultar, Petr"]
[Result "1-0"]
[WhiteElo "1877"]
[BlackElo "1898"]
[PlyCount "95"]
[EventDate "2023.04.02"]

1. b4 d5 2. Bb2 e6 3. b5 c6 4. a4 Nf6 5. e3 a6 6. c4 dxc4 7. Bxc4 axb5 8. axb5
Rxa1 9. Bxa1 Nbd7 10. Nf3 Bd6 11. Nc3 Nb6 12. Be2 O-O 13. O-O Nbd5 14. Qb3 c5
15. Nxd5 exd5 16. Bxf6 gxf6 17. Kh1 Be6 18. b6 c4 19. Qb4 Qe7 20. Ra1 Rc8 21.
Qb2 Bc5 22. Nd4 Bb4 23. Ra4 Bc5 24. h3 Bd7 25. Ra7 Be6 26. Bf3 Bd6 27. Nb5 Be5
28. Nc3 Qd7 29. Qb5 Bxc3 30. Qxd7 Bxd7 31. dxc3 Bc6 32. Kh2 Re8 33. Kg3 Kg7 34.
Kf4 Kg6 35. g4 Re5 36. Ra8 Bd7 37. Rg8+ Kh6 38. h4 Re4+ 39. Bxe4 dxe4 40. Kxe4
Bc6+ 41. Kf5 Bd7+ 42. Kxf6 Bc6 43. f4 Be4 44. g5+ Kh5 45. Rg7 Kxh4 46. Rxf7 Kg4
47. Ke5 Kf3 48. Kd4 1-0

[Event "KP 2024/25,TJ Nachod B-SK Lipa B"]
[Site "?"]
[Date "2025.03.02"]
[Round "9.5"]
[White "Hepnar, David"]
[Black "Vitova, Anna"]
[Result "1-0"]
[WhiteElo "1816"]
[BlackElo "1886"]
[PlyCount "41"]
[EventDate "2023.04.02"]

1. e4 c5 2. Nf3 d6 3. d4 cxd4 4. Nxd4 Nf6 5. Nc3 a6 6. a4 e6 7. Be2 Be7 8. O-O
Qc7 9. Be3 Nbd7 10. g4 Ne5 11. g5 Nfd7 12. f4 Nc4 13. Bxc4 Qxc4 14. f5 Nc5 15.
Qf3 Bxg5 16. Bxg5 Qxd4+ 17. Be3 Qf6 18. Rad1 Qe7 19. Qg3 f6 20. Rxd6 Nd7 21.
Rxe6 1-0

[Event "KP 2024/25,TJ Nachod B-SK Lipa B"]
[Site "?"]
[Date "2025.03.02"]
[Round "9.6"]
[White "Barvinek, Milan"]
[Black "Novotny, Jan"]
[Result "0-1"]
[WhiteElo "1862"]
[BlackElo "1898"]
[PlyCount "82"]
[EventDate "2023.04.02"]

1. e4 c5 2. c3 Nf6 3. e5 Nd5 4. d4 cxd4 5. cxd4 e6 6. Nc3 Nxc3 7. bxc3 d6 8. f4
dxe5 9. fxe5 Qh4+ 10. Kd2 Bd7 11. Nf3 Qd8 12. Qb3 Nc6 13. Bd3 Na5 14. Qc2 Rc8
15. Rb1 Qc7 16. Rf1 Be7 17. h4 h6 18. g3 O-O 19. g4 Nc4+ 20. Ke2 Na3 21. Bxa3
Bxa3 22. c4 b6 23. h5 Be7 24. Rg1 Bc6 25. Rgf1 Bxf3+ 26. Rxf3 Qd8 27. Qb2 Qd7
28. Rd1 Kh8 29. Rdf1 Kg8 30. Rd1 Rfd8 31. d5 exd5 32. Bf5 Qa4 33. Bxc8 Qxc4+
34. Rdd3 Rxc8 35. Qb3 Qe4+ 36. Kd1 Bg5 37. Rc3 Qd4+ 38. Ke2 Re8 39. Rcd3 Qxe5+
40. Kf2 Qe1+ 41. Kg2 Re2+ 0-1

[Event "KP 2024/25,TJ Nachod B-SK Lipa B"]
[Site "?"]
[Date "2025.03.02"]
[Round "9.7"]
[White "Bednar, Jiri"]
[Black "Charvat, Vaclav"]
[Result "1-0"]
[WhiteElo "1905"]
[BlackElo "1775"]
[PlyCount "123"]
[EventDate "2023.04.02"]

1. e4 c5 2. Nf3 Nc6 3. d4 cxd4 4. Nxd4 e5 5. Nb5 d6 6. c4 a6 7. Qa4 Bd7 8. N5a3
Be7 9. Nc3 Nd4 10. Qd1 Nf6 11. Bd3 O-O 12. O-O Qc8 13. Be3 Nc6 14. Rc1 Nb4 15.
Bb1 Qb8 16. Qb3 Nc6 17. Bb6 Qe8 18. Rfd1 Rc8 19. Nc2 Nh5 20. Ne3 Nf4 21. Rd2
Ne6 22. Ne2 Nf4 23. Qd1 Be6 24. Nc3 Nb8 25. g3 Nh3+ 26. Kg2 f6 27. Nf5 Bxf5 28.
exf5 Ng5 29. h4 Nf7 30. Nd5 Nc6 31. b4 Nb8 32. Be4 Bd8 33. a4 Bxb6 34. Nxb6 Rc7
35. a5 Nc6 36. Bd5 Nd4 37. g4 Kh8 38. Rd3 Nd8 39. Re3 N8c6 40. Qa4 Ne7 41. Qxe8
Rxe8 42. Bf7 Rf8 43. Nd5 Nxd5 44. Bxd5 b5 45. axb6 Re7 46. f3 Rb8 47. b7 h5 48.
Ra3 Rexb7 49. Bxb7 Rxb7 50. Ra4 Rb6 51. Kf2 Rc6 52. Ke3 d5 53. c5 Nb5 54. Rca1
d4+ 55. Kd3 hxg4 56. fxg4 e4+ 57. Kc4 e3 58. Kd3 Nc7 59. Kxd4 e2 60. Re1 Nb5+
61. Kd3 Rc8 62. Rxa6 1-0

[Event "KP 2024/25,TJ Nachod B-SK Lipa B"]
[Site "?"]
[Date "2025.03.02"]
[Round "9.8"]
[White "Chocholac, Josef"]
[Black "Vokurka, Vilem"]
[Result "0-1"]
[WhiteElo "1572"]
[BlackElo "1655"]
[PlyCount "76"]
[EventDate "2023.04.02"]

1. e4 c6 2. d4 d5 3. exd5 cxd5 4. Bd3 Nc6 5. c3 Nf6 6. h3 g6 7. Nf3 Bf5 8. Bf4
Qb6 9. b3 Bxd3 10. Qxd3 Bg7 11. O-O O-O 12. Nbd2 Nd7 13. Rfe1 e6 14. b4 Rac8
15. a4 Rfe8 16. b5 Na5 17. Ne5 Nxe5 18. dxe5 Qc7 19. Ra3 Bf8 20. Raa1 Qxc3 21.
Qxc3 Rxc3 22. Nf3 Nc4 23. Nd2 Nb2 24. Be3 Bc5 25. Nb1 Rc2 26. Na3 Bxa3 27. Rxa3
b6 28. Bd4 Rec8 29. Ra2 Nd3 30. Rxc2 Rxc2 31. Rd1 Nc5 32. Bxc5 bxc5 33. Rb1 Ra2
34. b6 axb6 35. Rxb6 Ra1+ 36. Kh2 Rxa4 37. Rb3 Rb4 38. Rd3 Re4 0-1

[Event "KP 2024/25,SK Lomnice-SK Jicin B"]
[Site "?"]
[Date "2025.03.02"]
[Round "9.1"]
[White "Novotny, Jaroslav"]
[Black "Urban, Zdenek"]
[Result "1/2-1/2"]
[WhiteElo "2130"]
[BlackElo "2156"]
[Annotator "user"]
[PlyCount "30"]
[EventDate "2025.03.02"]
[WhiteTeam "SK Lomnice nad Popelkou"]
[BlackTeam "SK AD Jicin B"]

{[%evp 0,30,16,28,35,-23,-7,4,4,-38,-21,-56,-16,0,41,41,24,12,18,11,20,13,13,
13,21,6,38,-23,39,27,39,6,5]} 1. d4 Nf6 2. c4 e6 3. Nc3 d5 4. cxd5 exd5 5. Bg5
c6 6. e3 Be7 7. Bd3 Be6 8. Qc2 Nbd7 9. Nf3 h6 10. Bh4 O-O 11. O-O a5 12. Rae1
Re8 13. Ne5 Ne4 14. Bxe7 Qxe7 15. Nxd7 Bxd7 1/2-1/2

[Event "KP 2024/25,SK Lomnice-SK Jicin B"]
[Site "?"]
[Date "2025.03.02"]
[Round "9.2"]
[White "Sadek, Vojtech"]
[Black "Duczynski, Martin"]
[Result "1/2-1/2"]
[WhiteElo "1989"]
[BlackElo "2073"]
[Annotator "user"]
[PlyCount "47"]
[EventDate "2025.03.02"]
[WhiteTeam "SK AD Jicin B"]
[BlackTeam "SK Lomnice nad Popelkou"]

{[%evp 0,47,26,21,31,17,31,4,17,17,6,-1,12,15,55,6,19,33,33,19,48,0,0,-37,-1,5,
32,-21,-18,-43,-34,-42,-63,-81,-75,-62,-62,-40,-60,-108,-69,-81,-59,-40,-14,
-67,-40,-42,-44,-61]} 1. e4 d5 2. exd5 Nf6 3. c4 c6 4. d4 cxd5 5. Nc3 Nc6 6.
Nf3 Be6 7. Ne5 g6 8. cxd5 Bxd5 9. Nxd5 Qxd5 10. Nxc6 bxc6 11. Qb3 Qxb3 12. axb3
e6 13. Bf4 Bb4+ 14. Kd1 O-O 15. Ba6 Rad8 16. Ke2 Rxd4 17. Be3 Rd6 18. Rhc1 Rfd8
19. Rc2 c5 20. h3 Kg7 21. Bf4 Rd4 22. Be3 R4d6 23. Bf4 Rd4 24. Be3 1/2-1/2

[Event "KP 2024/25,SK Lomnice-SK Jicin B"]
[Site "?"]
[Date "2025.03.02"]
[Round "9.3"]
[White "Volman, Vaclav"]
[Black "Pochinkov, Andrey"]
[Result "0-1"]
[WhiteElo "1997"]
[BlackElo "2051"]
[Annotator "user"]
[PlyCount "126"]
[EventDate "2025.03.02"]
[WhiteTeam "SK Lomnice nad Popelkou"]
[BlackTeam "SK AD Jicin B"]

{[%evp 0,126,28,35,35,18,49,27,52,16,59,15,21,11,8,3,37,41,55,41,77,62,58,1,26,
3,19,1,1,-5,31,24,44,42,82,77,102,95,121,166,168,168,181,131,132,150,109,87,
199,218,249,188,224,187,187,227,224,269,269,312,277,285,491,169,210,134,138,
134,139,139,145,135,159,159,155,144,165,155,148,148,148,140,148,163,147,147,
142,138,165,142,145,142,147,147,200,170,233,172,273,243,167,59,59,59,59,-19,
-24,-24,76,75,73,29,100,88,146,-86,-86,-320,-320,-503,-503,-1196,-1314,-1314,
-903,-29997,-29998,-29999,-30000]} 1. d4 Nf6 2. Nf3 d6 3. e3 Nbd7 4. b3 g6 5.
Bb2 Bg7 6. Nbd2 O-O 7. Be2 c6 8. O-O Qc7 9. c4 e5 10. Qc2 Re8 11. dxe5 dxe5 12.
e4 Nh5 13. Rfe1 Nf4 14. Bf1 Nf8 15. Rad1 Qe7 16. c5 g5 17. Nc4 N8g6 18. Nd6 Rf8
19. Nf5 Qf6 20. Rd6 Be6 21. Red1 g4 22. Nd2 Qg5 23. Nc4 Rfe8 24. g3 Nh3+ 25.
Bxh3 gxh3 26. Nxg7 Kxg7 27. f4 Qh5 28. Nxe5 Nxe5 29. Bxe5+ Kg8 30. R1d3 f5 31.
Re3 fxe4 32. Qe2 Qxe2 33. Rxe2 Bf5 34. Kf2 Rf8 35. Ke3 Rae8 36. Red2 Rf7 37.
Rd1 Kf8 38. Rg1 Ke7 39. g4 Rg8 40. g5 Re8 41. Rgd1 Kf8 42. Bf6 Rc7 43. b4 a6
44. a3 Kg8 45. Be5 Rf7 46. Rh6 Kf8 47. Rdd6 a5 48. Rhf6 Bg6 49. Rxf7+ Kxf7 50.
Bf6 axb4 51. axb4 Ra8 52. Rd7+ Ke6 53. Rxb7 Ra2 54. b5 cxb5 55. c6 Rxh2 56.
Rxb5 Rc2 57. Re5+ Kd6 58. f5 h2 59. Re6+ Kd5 60. fxg6 h1=Q 61. Re5+ Kxc6 62. g7
Qf3+ 63. Kd4 Qd3# 0-1

[Event "KP 2024/25,SK Lomnice-SK Jicin B"]
[Site "?"]
[Date "2025.03.02"]
[Round "9.4"]
[White "Zakoucka, Adela"]
[Black "Blaha, Milan"]
[Result "0-1"]
[WhiteElo "1917"]
[BlackElo "1952"]
[Annotator "user"]
[PlyCount "74"]
[EventDate "2025.03.02"]
[WhiteTeam "SK AD Jicin B"]
[BlackTeam "SK Lomnice nad Popelkou"]

{[%evp 0,74,18,18,69,62,68,67,54,-1,-1,8,33,8,34,28,57,18,31,52,50,48,42,30,21,
16,17,-16,-18,-30,-40,-49,-49,-83,-88,-109,-122,-141,-133,-141,-137,-156,-135,
-159,-178,-239,-215,-260,-239,-273,-273,-251,-237,-289,-263,-269,-252,-252,
-260,-260,-260,-268,-268,-268,-276,-284,-306,-324,-322,-321,-329,-400,-341,
-392,-363,-353,-361]} 1. e4 c6 2. d4 d5 3. exd5 cxd5 4. c4 Nf6 5. Nc3 Nc6 6.
Nf3 e6 7. c5 Ne4 8. Bd3 Nxc3 9. bxc3 Be7 10. O-O O-O 11. Bf4 b6 12. cxb6 axb6
13. Ne5 Nxe5 14. Bxe5 Ba6 15. Qg4 Bf6 16. Rfd1 Bxe5 17. dxe5 Qc7 18. Qh5 Bxd3
19. Rxd3 Qc4 20. Rh3 h6 21. g4 Rxa2 22. Rf1 Qf4 23. Rg3 Rfa8 24. g5 Qxe5 25. f4
Qe2 26. Qh3 Ra1 27. gxh6 Rxf1+ 28. Qxf1 Qxf1+ 29. Kxf1 g6 30. Rh3 Kh7 31. Ke2
Rc8 32. Kd3 Rc4 33. Rh4 b5 34. Rg4 Kxh6 35. Rh4+ Kg7 36. Rg4 f5 37. Rh4 e5 0-1

[Event "KP 2024/25,SK Lomnice-SK Jicin B"]
[Site "?"]
[Date "2025.03.02"]
[Round "9.5"]
[White "Spinka, Petr"]
[Black "Rydl, Jan"]
[Result "0-1"]
[WhiteElo "1963"]
[BlackElo "1842"]
[Annotator "user"]
[PlyCount "95"]
[EventDate "2025.03.02"]
[WhiteTeam "SK Lomnice nad Popelkou"]
[BlackTeam "SK AD Jicin B"]

{[%evp 0,95,18,18,18,18,34,33,60,7,77,47,85,-3,30,21,-22,-24,77,47,44,66,164,
146,155,162,211,158,178,121,148,110,99,75,73,41,47,52,53,42,52,46,62,-44,-75,
-93,-102,-114,-114,-116,-114,-149,-165,-161,-181,-348,-237,-287,-395,-395,-395,
-758,-264,-414,-323,-323,-127,-642,-169,-178,-195,-197,-196,-198,-172,-175,
-182,-252,-184,-206,-215,-211,-226,-229,-214,-231,-247,-282,-279,-376,-386,
-377,-387,-382,-379,-398,-410,-442]} 1. d4 Nf6 2. Nf3 d5 3. Bf4 c5 4. c3 Bg4 5.
Nbd2 e6 6. Bxb8 Bxf3 7. Nxf3 Qxb8 8. Qa4+ Nd7 9. e4 c4 10. exd5 b5 11. Qa6 exd5
12. Qc6 Bd6 13. Be2 Ke7 14. Qxd5 Nf6 15. Qf5 g6 16. Qc2 Re8 17. O-O-O Kf8 18.
g3 Ne4 19. Rhf1 Qc7 20. Ng1 Rab8 21. f3 Nf6 22. f4 Nd5 23. f5 Ne3 24. Qd2 Kg8
25. f6 b4 26. Rf3 bxc3 27. Qxc3 Bb4 28. Qxe3 Rxe3 29. Rxe3 c3 30. Bd3 Qa5 31.
Bc4 Qg5 32. Rdd3 Re8 33. h4 Qxe3+ 34. Rxe3 Rxe3 35. Ne2 cxb2+ 36. Kxb2 Ba3+ 37.
Kc2 Rf3 38. d5 Kf8 39. g4 Rxf6 40. Kd3 Bc5 41. Ke4 Ke7 42. Nf4 Bd6 43. Ne2 Rf2
44. Nd4 Rf4+ 45. Ke3 Rxg4 46. Nc6+ Kf6 47. Kd3 Bc5 48. Bb3 0-1

[Event "KP 2024/25,SK Lomnice-SK Jicin B"]
[Site "?"]
[Date "2025.03.02"]
[Round "9.6"]
[White "Jakubec, Vit"]
[Black "Laska, Tomas"]
[Result "0-1"]
[WhiteElo "1480"]
[BlackElo "1935"]
[Annotator "user"]
[PlyCount "60"]
[EventDate "2025.03.02"]
[WhiteTeam "SK AD Jicin B"]
[BlackTeam "SK Lomnice nad Popelkou"]

{[%evp 0,60,18,38,56,46,52,22,36,40,40,39,50,19,34,43,37,35,41,19,47,50,51,39,
49,40,50,31,76,46,51,51,55,55,55,55,65,82,72,25,40,76,45,70,66,-15,30,53,53,-9,
20,-3,6,-23,-22,-34,0,-76,-76,-195,-195,-612,-526]} 1. e4 c5 2. Nf3 Nc6 3. d4
cxd4 4. Nxd4 Nf6 5. Nc3 d6 6. Be2 g6 7. O-O Bg7 8. Be3 O-O 9. Qd2 Re8 10. h3
Bd7 11. Nb3 a5 12. a4 Nb4 13. f3 Rc8 14. Rfc1 Be6 15. Nd4 Bc4 16. Bxc4 Rxc4 17.
Ndb5 d5 18. e5 Nh5 19. Bd4 Ng3 20. Qf2 Nf5 21. Bb6 Qd7 22. b3 Rcc8 23. f4 d4
24. Na2 Nc6 25. Rd1 f6 26. Nxd4 fxe5 27. Nf3 Qe6 28. fxe5 Nxe5 29. Nxe5 Bxe5
30. Rab1 Bg3 0-1

[Event "KP 2024/25,SK Lomnice-SK Jicin B"]
[Site "?"]
[Date "2025.03.02"]
[Round "9.7"]
[White "Pospisil, Jiri"]
[Black "Polotec, Le Elias"]
[Result "1-0"]
[WhiteElo "1827"]
[BlackElo "1462"]
[Annotator "user"]
[PlyCount "78"]
[EventDate "2025.03.02"]
[WhiteTeam "SK Lomnice nad Popelkou"]
[BlackTeam "SK AD Jicin B"]

{[%evp 0,78,38,38,58,29,36,29,30,32,32,-1,5,-64,-30,-30,-6,-16,-18,2,2,-3,0,
-31,2,-12,14,-36,-47,-67,-47,-32,-12,-41,-49,-66,-58,-256,-229,-244,-251,-251,
-275,-308,-229,-211,-219,-219,-38,-277,-244,-216,-207,-228,-215,-201,-220,-212,
-223,-245,-204,-220,64,64,125,126,200,200,213,212,217,217,205,164,169,169,169,
169,169,171,855]} 1. e4 e6 2. d4 d5 3. exd5 exd5 4. Nf3 Nf6 5. c3 Bd6 6. Qc2 h6
7. h3 Nbd7 8. Be3 b6 9. Nbd2 c5 10. Bb5 O-O 11. Be2 c4 12. O-O b5 13. a3 a5 14.
Nh2 Nb8 15. Bf3 Be6 16. Qd1 Nc6 17. a4 b4 18. Nxc4 dxc4 19. Bxc6 Bxh2+ 20. Kh1
Rc8 21. Bb7 Rc7 22. Bf3 Bd6 23. d5 Bxd5 24. Bb6 Bxf3 25. Qxf3 bxc3 26. bxc3 Qa8
27. Qxa8 Rxa8 28. Bxc7 Bxc7 29. Rab1 Nd5 30. Rb7 Be5 31. Rb5 Rd8 32. Rd1 Bf6
33. Rdxd5 Rxd5 34. Rxd5 Bxc3 35. Rc5 Bd4 36. Rxc4 Bxf2 37. g4 Kf8 38. Kg2 Be1
39. Kf3 Ke7 1-0

[Event "KP 2024/25,J. Horice-Panda RK B"]
[Site "?"]
[Date "2025.03.02"]
[Round "9.1"]
[White "Kulhanek, Jachym"]
[Black "Horak, Jan"]
[Result "0-1"]
[WhiteElo "1982"]
[BlackElo "2161"]
[PlyCount "96"]
[EventDate "2025.??.??"]

1. e4 c5 2. c3 g6 3. d4 cxd4 4. cxd4 d5 5. e5 Nc6 6. Nf3 Bg4 7. Be2 e6 8. O-O
h5 9. Nc3 Bxf3 10. Bxf3 Nh6 11. Bxh6 Bxh6 12. Qa4 O-O 13. Rfd1 f6 14. exf6 Qxf6
15. Rd3 g5 16. Rf1 g4 17. Be2 Bg7 18. h3 Nxd4 19. hxg4 Nxe2+ 20. Nxe2 Qxb2 21.
Nd4 Rf4 22. Qd7 Bxd4 23. Qxe6+ Rf7 24. gxh5 Bxf2+ 25. Kh1 Qf6 26. Qxd5 Re8 27.
Rf3 Qh4+ 28. Rh3 Qd4 29. Qb5 Re5 30. Qb1 Qg4 31. h6 Rh5 32. Qb3 Rxh3+ 33. gxh3
Qe4+ 34. Kh2 Qe5+ 35. Kh1 Qe4+ 36. Kh2 Qf4+ 37. Kg2 Qg5+ 38. Kh1 Qf6 39. Kg2
Kh8 40. Qd3 Qc6+ 41. Kh2 Qc7+ 42. Kg2 Qc6+ 43. Kh2 Qxh6 44. Qe2 Qf4+ 45. Kh1
Qf5 46. Kh2 Bg3+ 47. Kxg3 Qxf1 48. Qh5+ Kg8 0-1

[Event "KP 2024/25,J. Horice-Panda RK B"]
[Site "?"]
[Date "2025.03.02"]
[Round "9.2"]
[White "Zelba, Lukas"]
[Black "Flasar, Jaroslav"]
[Result "1-0"]
[WhiteElo "2077"]
[BlackElo "2035"]
[PlyCount "51"]
[EventDate "2025.??.??"]

1. e4 c5 2. Nf3 e6 3. c3 d5 4. e5 Nc6 5. d4 cxd4 6. cxd4 Nge7 7. Nc3 Nf5 8. a3
Bd7 9. Be2 Be7 10. O-O a6 11. b4 b5 12. Be3 f6 13. Bd3 Nxe3 14. fxe3 Qc7 15.
Rc1 f5 16. Nxd5 exd5 17. e6 Bf6 18. exd7+ Qxd7 19. Nh4 Bxh4 20. Bxf5 Qd6 21.
Qh5+ g6 22. Qxh4 gxf5 23. Rxf5 Qe6 24. Qh5+ Ke7 25. Qg5+ Ke8 26. Rf6 1-0

[Event "KP 2024/25,J. Horice-Panda RK B"]
[Site "?"]
[Date "2025.03.02"]
[Round "9.3"]
[White "Hrnciarik, Karel"]
[Black "Kroulik, Vaclav"]
[Result "0-1"]
[WhiteElo "1931"]
[BlackElo "2031"]
[PlyCount "60"]
[EventDate "2025.??.??"]

1. e4 c5 2. Nc3 e6 3. g3 Nc6 4. Bg2 g6 5. d3 Bg7 6. Be3 d6 7. Nge2 Nge7 8. Qd2
Nd4 9. h4 h5 10. Bg5 Bd7 11. O-O Bc6 12. Nd1 Qd7 13. c3 Nxe2+ 14. Qxe2 O-O-O
15. Rc1 Kb8 16. b4 cxb4 17. cxb4 f6 18. Be3 d5 19. Bc5 dxe4 20. Bxe4 Nd5 21.
Re1 g5 22. hxg5 fxg5 23. Qf3 h4 24. Qg4 hxg3 25. fxg3 Nf6 26. Bxc6 Qxc6 27.
Bxa7+ Kxa7 28. Rxc6 Nxg4 29. Rcxe6 Bd4+ 30. Kg2 Rdf8 0-1

[Event "KP 2024/25,J. Horice-Panda RK B"]
[Site "?"]
[Date "2025.03.02"]
[Round "9.4"]
[White "Pavlicek, Miroslav"]
[Black "Matonoha, Ctirad"]
[Result "1-0"]
[WhiteElo "1969"]
[BlackElo "1968"]
[PlyCount "63"]
[EventDate "2025.??.??"]

1. c4 c5 2. Nc3 Nf6 3. g3 d5 4. cxd5 Nxd5 5. Bg2 Nc7 6. Nf3 Nc6 7. O-O g6 8. d3
Bg7 9. Be3 Nd4 10. Ne4 b6 11. Nxd4 cxd4 12. Bf4 e5 13. Bg5 f6 14. Bxf6 Bxf6 15.
Nxf6+ Qxf6 16. Qc2 Qd6 17. Bxa8 O-O 18. Bg2 Be6 19. Rac1 Na6 20. Qa4 Nb4 21. a3
Nd5 22. Qc6 Rd8 23. Qxd6 Rxd6 24. Rc2 b5 25. Rfc1 b4 26. Rc6 Rxc6 27. Rxc6 bxa3
28. bxa3 Bf7 29. Bxd5 Bxd5 30. Rc5 Bb7 31. Rxe5 Kf7 32. Rc5 1-0